LEADER 01401nam a2200241 4500 001 000000359647 003 CaOOAMICUS 005 20240903124456.0 008 240903s1841 it a 000 u ita r 040 $aSeMil$bita 100 11$aDemidov, Anatolij Nikolaevi?,$c.$0(OLS)http://semarc/name/120345 245 10$aViaggio nella Russia meridionale e nella Crimea per l'Ungheria, la Moldavia e la Valachia :$bfatto nel 1837 /$csotto la direzione del conte Anatolio di Demidoff ; con 64 intagli disegnati dal vero da Raffet. 264 1$aTorino :$bStab. Tip. Fontana,$c1841. 300 $aVIII, 382 p., [24] carte di tav. :$bill. ;$c26 cm 500 $aSul front.: Opera dedicata a S.M. Niccolo 1. Imperatore di tutte le Russie 650 4$aRussia meridionale - Descrizioni e viaggi - Sec. 19.$0(OLS)http://semarc/subject/56232 650 4$aCrimea - Descrizioni e viaggi - Sec. 19.$0(OLS)http://semarc/subject/56233 700 1 $aRaffet, Denis-Auguste-Marie .$0(OLS)http://semarc/name/94304 850 $aSeMil 852 $aSeMil$W1$xVenegono$y1$m4Y V 5 FA$j250585$B250701$CSeMilBibl$Z2$F250701 $8I 996 $6245$aViaggio nella Russia meridionale e nella Crimea per l'Ungheria, la Moldavia e la Valachia :$bfatto nel 1837$9(OLS)http://semarc/title/450051 996 $6264$aTorino :$bStab. Tip. Fontana$9(OLS)http://semarc/publisher/40613 LEADER 01041nam a2200253 i 4500 001 000000139168 003 CaOOAMICUS 005 20050518000000.0 008 050518s1987 it u000 u ita u 013 $a113172 020 $a88-07-10086-X 040 $aSeMil$bita 100 1 $aBarilli, Renato,$d<1935- >.$0(OLS)http://semarc/name/17924 245 13$aIl ciclo del postmoderno :$bLa ricerca artistica negli anni '80 /$cRenato Barilli. 260 $aMilano :$bFeltrinelli,$c1987. 300 $a282 p. ;$c20 cm. 500 $aContiene : Indice dei nomi. 650 4$aArte - Sec. 20 - 1977-1987.$0(OLS)http://semarc/subject/27328 850 $aSeMil 852 $aSeMil$W1$xVenegono$y1$m52 1 27 *$j92606$B92606$CSeMilBibl$Z2$F98400 $81 961 $aLascito: Corradi mons. Enrico 996 $6020$a88-07-10086-X$9(OLS)http://semarc/number/127152 996 $6245$aIl ciclo del postmoderno :$bLa ricerca artistica negli anni '80$9(OLS)http://semarc/title/203418 996 $6260$aMilano :$bFeltrinelli$9(OLS)http://semarc/publisher/30237